DENTAL CARIES : THE DISEASE AND ITS CLINICAL MANAGEMENT (Record no. 9930)

MARC details
000 -LEADER
fixed length control field 00336nam a22001457a 4500
020 ## - INTERNATIONAL STANDARD BOOK NUMBER
International Standard Book Number 978-1-118-93582-8
082 ## - DEWEY DECIMAL CLASSIFICATION NUMBER
Classification number 617.67 ,D15F
100 ## - MAIN ENTRY--PERSONAL NAME
Personal name FEJERSKOV ,OLE
245 ## - TITLE STATEMENT
Title DENTAL CARIES : THE DISEASE AND ITS CLINICAL MANAGEMENT
250 ## - EDITION STATEMENT
Edition statement 3RD
260 ## - PUBLICATION, DISTRIBUTION, ETC. (IMPRINT)
Place of publication, distribution, etc U.K
Name of publisher, distributor, etc WILEY
Year of Publication 2015
300 ## - PAGE DESCRIPTION
No. of Pages 466
650 ## - SUBJECT ADDED ENTRY--TOPICAL TERM
Topical term or geographic name as entry element OMR
942 ## - ADDED ENTRY ELEMENTS (KOHA)
Source of classification or shelving scheme Dewey Decimal Classification
Koha item type Books
Holdings
Withdrawn status Lost status Source of classification or shelving scheme Damaged status Not for loan Home library Current library Shelving location Date acquired Vendor Name Cost, normal purchase price SGTU Bill Number Total Checkouts Full call number Accession No. (Barcode) Date last seen Bill Date Koha item type
    Dewey Decimal Classification     SGT Dental Library SGT Dental Library Reference Book 21/09/2016 ABC 10251.00 SGTU 6923   617.67 ,D15F FD7432 21/09/2016   Books